| 000 | 02517nam0a2200361 4500 | ||
|---|---|---|---|
| 001 | RU\NLR\BIBL_A\012774756 | ||
| 005 | 20260407114808.0 | ||
| 035 | _a(NLR Aleph) 012774756 | ||
| 090 |
_a13104174 _c13104174 |
||
| 100 | _a20210916d1904 |||y0rusy50 ca | ||
| 101 | 0 | _arus | |
| 102 | _aRU | ||
| 105 | _ay z 000yy | ||
| 181 | 0 |
_ai _baxxe |
|
| 182 | 0 | _an | |
| 200 | 1 | _aСправка к представлению Министра Финансов от 8 декабря 1904 года за № 9235 | |
| 203 |
_aТекст _bвизуальный _cнепосредственный |
||
| 210 |
_a[Санкт-Петербург _cб. и.] _d1904 |
||
| 215 |
_a[1] с. _d34 |
||
| 300 | _aТекст начинается словами: Государь Император, по всеподданнейшему докладу Министра Финансов в 23-й день декабря 1904 г. Высочайше повелеть соизволил: действие условного кредита 1.518.829 р. ... на покрытие дефицитов по эксплоатации морского пароходства Общества Китайской Восточной железной дороги за 1901 и 1902 г.г. ... | ||
| 309 | _aБез тит. л. и обл. | ||
| 517 | 1 | _aГосударь Император, по всеподданнейшему докладу Министра Финансов в 23-й день декабря 1904 г. Высочайше повелеть соизволил: действие условного кредита 1.518.829 р. ... на покрытие дефицитов по эксплоатации морского пароходства Общества Китайской Восточной железной дороги за 1901 и 1902 г.г. ... | |
| 601 | 0 | 2 |
_aКитайско-Восточная железная дорога _bМорское пароходство _jДокументы и материалы _92532376 _3RU\NLR\AUTH\6601713645 |
| 686 | 3 | _aУ37(5Кит)210.1,011 | |
| 686 | 3 | _aУ37(5Кит)461.01,011 | |
| 711 | 0 | 1 |
_aРоссия _bМинистерство финансов _3RU\NLR\AUTH\889947360 _9390360 |
| 712 | 0 | 2 |
_4570 _aКитайско-Восточная железная дорога _bМорское пароходство _9803129 _3RU\NLR\AUTH\880568287 |
| 852 |
_aNLR _j135/294-373 (63) |
||
| 942 | _cBOOK | ||
| 980 | _aNB | ||